Loading...

Metamorphic geology An introduction to tetonic and metamorphic processes /

Bibliographic Details
Main Author: Gillen, Con
Language:Undetermined
Published: London : George Allen & Unwin , 1982.
LEADER 00501nam a2200133Ia 4500
001 24831
008 170722s9999 xx 000 0 und d
100 |a Gillen, Con 
245 |a Metamorphic geology  |b An introduction to tetonic and metamorphic processes / 
260 |a London :  |b George Allen & Unwin ,  |c 1982. 
300 |a Ppxii+144  |c 21.5cms 
942 |c GEN 
999 |c 101055  |d 101055 
952 |0 0  |1 0  |4 0  |6 H_22_000000000000000_M2  |7 0  |9 141802  |a LIB  |b LIB  |d 2017-08-12  |l 2  |o H22 M2  |p 188389  |r 2018-12-10  |s 2018-11-27  |w 2017-08-12  |y GEN